Dinolocos / (Registro nro. 9904)

Detalles MARC
000 -CABECERA
Longitud fija campo de control 00888nam a2200289 a 4500
003 - • IDENTIFICADOR DELl NÚMERO DE CONTROL
Identificador del número de control CO-ViMGA
008 - • CÓDIGOS DE INFORMACIÓN DE LONGITUD FIJA
Códigos de información de longitud fija 141112s2004 ck r 000 u spa d
020 ## - • NÚMERO INTERNACIONAL NORMALIZADO PARA LIBROS
Número Internacional Normalizado para Libros (ISBN) 9789871710911
040 ## - FUENTE DE LA CATALOGACIÓN
Centro catalogador de origen CO-ViMGA
Lengua de catalogación spa
Centro transcriptor CO-ViMGA
100 1# - • PUNTO DE ACCESO PRINCIPAL-NOMBRE DE PERSONA
Nombre de persona Carzon, Walter
245 10 - • TITULO PROPIAMENTE DICHO
Título Dinolocos /
Mención de responsabilidad, etc. Walter Carzon ; ilustrado por Walter Carzon
250 ## - • MENCIÓN DE EDICIÓN
Mención de edición 1a. ed.
300 ## - • DESCRIPCIÓN FÍSICA
Extensión 10 p. : il. ; 18 cm
490 0# - • MENCIÓN DE SERIE
Mención de serie Librolocos
521 ## - • NOTA DE PÚBLICO DESTINATARIO
Nota público destinatario (R ) Para niños de tres años en adelante
598 ## -
-- NEW - GRAL
650 14 - • PUNTO DE ACCESO ADICIONAL DE MATERIA - TÉRMINO DE MATERIA
Término de materia o nombre geográfico como elemento inicial Libros para niños
650 14 - • PUNTO DE ACCESO ADICIONAL DE MATERIA - TÉRMINO DE MATERIA
Término de materia o nombre geográfico como elemento inicial Literatura infantil argentina
700 1# - • PUNTO DE ACCESO ADICIONAL - NOMBRE DE PERSONA
Nombre de persona Carzon, Walter, ilustrador il.
917 ## -
-- 2012 - 2143 2 ejemplares
942 ## - ENTRADA DE ELEMENTOS AGREGADOS (KOHA)
Fuente de clasificaión o esquema Dewey Decimal Classification
Koha [por defecto] tipo de item LIbro
990 ## - EQUIVALENCIA O SECCIÓN-REFERENCIA [LOCAL, CANADA]
Enlace de información para campos 9XX 2012 - 2143 PanAméricana 2 ejemplares 21 13/04/2012 a805112
Existencias
Perdido Fuente de clasificación o esquema Estado Físico No para préstamo Forma de adquisición Localización permanente Localización actual Fecha adquisición Serie de enumeración / cronolog&íacute;a Préstamos totales Signatura completa Código de barras Fecha última consulta Número de copia Fecha del precio de reemplazo Tipo de item de Koha
  Dewey Decimal Classification     Sala General Estacion de Lectura Apiay - Villavicencio Estacion de Lectura Apiay - Villavicencio 12/04/2015 29/dic/2014   A CARd 27988 12/04/2015 Ej. 1 12/04/2015 LIbro









Instituto Departamental de Cultura del Meta - Red Departamental de Bibliotecas Públicas del Meta.